Poland Players Biggest Transfers - Statistics

General Stats
  • This quiz has been taken 68 times
  • The average score is 89 of 223
Answer Stats
Player From Joined % Correct
ST Robert Lewandowski 22/23 Bayern Munich Barcelona
100%
ST Robert Lewandowski 10/11 Lech Poznan Borussia Dortmund
100%
ST Arkadiusz Milik 16/17 Ajax Napoli
90%
ST Arkadiusz Milik 22/23 Napoli Marseille
90%
ST Arkadiusz Milik 23/24 Marseille Juventus
90%
ST Arkadiusz Milik 20/21 Napoli Marseille
90%
ST Arkadiusz Milik 15/16 Bayer Leverkusen Ajax
90%
ST Arkadiusz Milik 12/13 Gornik Zabrze Bayer Leverkusen
90%
DM Grzegorz Krychowiak 16/17 Sevilla Paris Saint-Germain
90%
DM Grzegorz Krychowiak 19/20 Paris Saint-Germain Lokomotiv Moscow
90%
DM Grzegorz Krychowiak 14/15 Reims Sevilla
90%
DM Grzegorz Krychowiak 21/22 Lokomotiv Moscow Krasnodar
90%
DM Grzegorz Krychowiak 18/19 Paris Saint-Germain Lokomotiv Moscow
90%
ST Krzysztof Piatek 18/19 Genoa Milan
88%
ST Krzysztof Piatek 19/20 Milan Hertha Berlin
88%
ST Krzysztof Piatek 18/19 Cracovia Genoa
88%
ST Krzysztof Piatek 22/23 Hertha Berlin Salernitana
88%
CM Piotr Zielinski 16/17 Udinese Napoli
88%
GK Wojciech Szczesny 17/18 Arsenal Juventus
88%
CB Kamil Glik 16/17 Torino Monaco
87%
CB Kamil Glik 20/21 Monaco Benevento
87%
CB Kamil Glik 11/12 Palermo Torino
87%
CB Kamil Glik 10/11 Piast Gliwice Palermo
87%
CB Jakub Kiwior 22/23 Spezia Arsenal
85%
CB Jakub Kiwior 21/22 MSK Zilina Spezia
85%
GK Lukasz Fabianski 18/19 Swansea City West Ham United
83%
GK Lukasz Fabianski 07/08 Legia Warsaw Arsenal
83%
RB Matty Cash 20/21 Nottingham Forest Aston Villa
83%
GK Jerzy Dudek 01/02 Feyenoord Liverpool
82%
RW Jakub Blaszczykowski 16/17 Borussia Dortmund Wolfsburg
77%
RW Jakub Blaszczykowski 07/08 Wisla Krakow Borussia Dortmund
77%
RW Jakub Blaszczykowski 15/16 Borussia Dortmund Fiorentina
77%
LW Kamil Grosicki 16/17 Rennes Hull City
75%
CB Jan Bednarek 17/18 Lech Poznan Southampton
70%
GK Kamil Grabara 24/25 Kobenhavn Wolfsburg
63%
GK Kamil Grabara 21/22 Liverpool Kobenhavn
63%
DM Damian Szymanski 18/19 Wisla Plock Akhmat Grozny
62%
DM Damian Szymanski 20/21 Akhmat Grozny AEK Athens
62%
LW Jakub Kaminski 22/23 Lech Poznan Wolfsburg
62%
CM Jakub Moder 20/21 Lech Poznan Brighton & Hove Albion
62%
AM Sebastian Szymanski 23/24 Dynamo Moscow Fenerbahce
62%
AM Sebastian Szymanski 19/20 Legia Warsaw Dynamo Moscow
62%
AM Sebastian Szymanski 22/23 Dynamo Moscow Feyenoord
62%
GK Lukasz Skorupski 18/29 Roma Bologna
60%
CM Karol Linetty 20/21 Sampdoria Torino
58%
CM Karol Linetty 16/17 Lech Poznan Sampdoria
58%
ST Ebi Smolarek 07/08 Borussia Dortmund Racing Santander
55%
DM Krystian Bielik 19/20 Arsenal Derby County
53%
DM Krystian Bielik 14/15 Legia Warsaw Arsenal
53%
RM Przemyslaw Frankowski 21/22 Chicago Fire Lens
53%
RM Przemyslaw Frankowski 18/19 Jagiellonia Chicago Fire
53%
ST Tomasz Frankowski 05/06 Elche Wolverhampton Wanderers
53%
ST Tomasz Frankowski 05/06 Wisla Krakow Elche
53%
GK Artur Boruc 10/11 Celtic Fiorentina
52%
GK Artur Boruc 06/07 Legia Warsaw Celtic
52%
CM Bartosz Kapustka 16/17 Cracovia Leicester City
52%
GK Bartlomiej Dragowski 16/17 Jagiellonia Fiorentina
48%
GK Bartlomiej Dragowski 22/23 Fiorentina Spezia
48%
ST Dawid Kownacki 19/20 Sampdoria Fortuna Dusseldorf
48%
ST Dawid Kownacki 17/18 Lech Poznan Sampdoria
48%
ST Dawid Kownacki 18/19 Sampdoria Fortuna Dusseldorf
48%
ST Karol Swiderski 21/22 PAOK Charlotte
48%
ST Karol Swiderski 18/19 Jagiellonia PAOK
48%
ST Adam Buksa 22/23 New England Revolution Lens
47%
ST Adam Buksa 19/20 Pogon Szczecin New England Revolution
47%
LW Kamil Jozwiak 20/21 Lech Poznan Derby County
47%
LW Kamil Jozwiak 21/22 Derby County Charlotte
47%
ST Lukasz Teodorczyk 18/19 Anderlecht Udinese
47%
ST Lukasz Teodorczyk 17/18 Dynamo Kyiv Anderlecht
47%
ST Lukasz Teodorczyk 14/15 Lech Poznan Dynamo Kyiv
47%
ST Lukasz Teodorczyk 16/17 Dynamo Kyiv Anderlecht
47%
CM Mateusz Klich 17/18 Twente Leeds United
47%
CM Mateusz Klich 11/12 Cracovia Wolfsburg
47%
GK Radoslaw Majecki 19/20 Legia Warsaw Monaco
47%
GK Tomasz Kuszczak 07/08 West Bromwich Albion Manchester United
47%
RB Bartosz Bereszynski 16/17 Legia Warsaw Sampdoria
45%
CM Kacper Kozlowski 21/22 Pogon Szczecin Brighton & Hove Albion
45%
CB Kamil Piatkowski 21/22 Rakow Czestochowa RB Salzburg
45%
LW Michal Skoras 23/24 Lech Poznan Club Brugge
45%
AM Zbigniew Boniek 82/83 Widzew Lodz Juventus
43%
LB Arkadiusz Reca 22/23 Atalanta Spezia
42%
LB Arkadiusz Reca 18/19 Wisla Plock Atalanta
42%
LB Arkadiusz Reca 21/22 Atalanta Spezia
42%
GK Marcin Bulka 22/23 Paris Saint-Germain Nice
42%
CB Mateusz Wieteska 23/24 Clermont Foot Cagliari
42%
CB Mateusz Wieteska 22/23 Legia Warsaw Clermont Foot
42%
LB Michal Karbownik 20/21 Legia Warsaw Brighton & Hove Albion
42%
LB Michal Karbownik 23/24 Brighton & Hove Albion Hertha Berlin
42%
LB Michal Karbownik 21/22 Brighton & Hove Albion Olympiacos
42%
GK Przemyslaw Tyton 12/13 Roda PSV
42%
GK Przemyslaw Tyton 15/16 PSV Stuttgart
42%
CM Szymon Zurkowski 18/19 Gornik Zabrze Fiorentina
42%
CM Szymon Zurkowski 23/24 Fiorentina Spezia
42%
LB Tymoteusz Puchacz 21/22 Lech Poznan Union Berlin
42%
LB Maciej Rybus 11/12 Legia Warsaw Terek Grozny
40%
LB Maciej Rybus 17/18 Lyon Lokomotiv Moscow
40%
CB Pawel Dawidowicz 19/20 Benfica Hellas Verona
40%
CB Pawel Dawidowicz 14/15 Lechia Gdansk Benfica
40%
ST Bartosz Bialek 20/21 Zaglebie Lubin Wolfsburg
38%
AM Adrian Mierzejewski 11/12 Polonia Warsaw Trabzonspor
37%
AM Adrian Mierzejewski 14/15 Trabzonspor Al-Nassr
37%
AM Adrian Mierzejewski 18/19 Sydney Changchun Yatai
37%
AM Adrian Mierzejewski 18/19 Changchun Yatai Chongqing Dangdai Lifan
37%
CB Jacek Bak 01/02 Lyon Lens
37%
RB Robert Gumny 20/21 Lech Poznan Augsburg
37%
CB Bartosz Salamon 12/13 Brescia Milan
35%
CB Bartosz Salamon 13/14 Milan Sampdoria
35%
CB Bartosz Salamon 18/19 Cagliari SPAL
35%
CB Bartosz Salamon 15/16 Sampdoria Cagliari
35%
DM Eugen Polanski 12/13 Mainz Hoffenheim
35%
DM Eugen Polanski 10/11 Getafe Mainz
35%
AM Ludovic Obraniak 13/14 Bordeaux Werder Bremen
35%
AM Ludovic Obraniak 06/07 Metz Lille
35%
AM Ludovic Obraniak 11/12 Lille Bordeaux
35%
CB Maik Nawrocki 23/24 Legia Warsaw Celtic
35%
CB Maik Nawrocki 22/23 Werder Bremen Legia Warsaw
35%
RM Pawel Wszolek 16/17 Sampdoria Hellas Verona
35%
RM Pawel Wszolek 16/17 Hellas Verona Queens Park Rangers
35%
LW Przemyslaw Placheta 20/21 Slask Wroclaw Norwich City
35%
CB Sebastian Walukiewicz 18/19 Pogon Szczecin Cagliari
35%
CB Sebastian Walukiewicz 23/24 Cagliari Empoli
35%
CB Artur Jedrzejczyk 13/14 Legia Warsaw Krasnodar
33%
ST Grzegorz Rasiak 05/06 Derby County Tottenham Hotspur
33%
ST Grzegorz Rasiak 05/06 Tottenham Hotspur Southampton
33%
ST Grzegorz Rasiak 09/10 Southampton Reading
33%
LM Jacek Krzynowek 06/07 Bayer Leverkusen Wolfsburg
33%
ST Mariusz Stepinski 19/20 Chievo Verona Hellas Verona
33%
ST Mariusz Stepinski 18/19 Nantes Chievo Verona
33%
ST Mariusz Stepinski 16/17 Ruch Chorzow Nantes
33%
LB Sebastian Boenisch 07/08 Schalke Werder Bremen
33%
ST Emmanuel Olisadebe 00/01 Polonia Warsaw Panathinaikos
32%
DM Jacek Goralski 17/18 Jagiellonia Ludogorets Razgrad
32%
DM Jacek Goralski 19/20 Ludogorets Razgrad Kairat Almaty
32%
CB Michal Zewlakow 02/03 Mouscron Anderlecht
32%
AM Sebastian Mila 04/05 Grodzisk Austria Vienna
32%
ST Maciej Zurawski 05/06 Wisla Krakow Celtic
30%
ST Maciej Zurawski 99/00 Lech Poznan Wislak Krakow
30%
ST Roman Kosecki 93/94 Osasuna Atletico Madrid
30%
RB Tomasz Kedziora 17/18 Lech Poznan Dynamo Kyiv
30%
ST Pawel Brozek 10/11 Wisla Krakow Trabzonspor
28%
RW Damian Kadzior 20/21 Dinamo Zagreb Eibar
27%
ST Dawid Janczyk 07/08 Legia Warsaw CSKA Moscow
27%
LM Kamil Kosowski 99/00 Gornik Zabrze Wislak Krakow
27%
LM Kamil Kosowski 03/04 Wisla Krakow Kaiserslautern
27%
ST Patryk Klimala 20/21 Celtic New York Red Bulls
27%
ST Patryk Klimala 19/20 Jagiellonia Celtic
27%
CB Pawel Bochniewicz 20/21 Gornik Zabrze Heerenveen
27%
CB Pawel Bochniewicz 14/15 Reggina Udinese
27%
CB Przemyslaw Wisniewski 22/23 Venezia Spezia
27%
DM Jakub Piotrowski 18/19 Pogon Szczecin Genk
25%
DM Jakub Piotrowski 22/23 Fortuna Dusseldorf Ludogorets Razgrad
25%
AM Radoslaw Majewski 10/11 Polonia Warsaw Nottingham Forest
25%
ST Szymon Wlodarczyk 23/24 Gornik Zabrze Sturm Graz
25%
ST Adrian Benedyczak 21/22 Pogon Szczecin Parma
23%
CB Jaroslaw Jach 17/18 Zaglebie Lubin Crystal Palace
23%
DM Patryk Dziczek 19/20 Piast Gliwice Lazio
23%
CB Igor Lewczuk 16/17 Legia Warsaw Bordeaux
22%
ST Jakub Swierczok 21/22 Piast Gliwice Nagoya Grampus
22%
ST Jakub Swierczok 21/22 Ludogorets Razgrad Piast Gliwice
22%
ST Jaroslaw Niezgoda 19/20 Legia Warsaw Portland Timbers
22%
AM Mateusz Bogusz 22/23 Leeds United Los Angeles
22%
CM Mateusz Kowalczyk 23/24 LKS Lodz Brondby
22%
CM Rafal Murawski 09/10 Lech Poznan Rubin Kazan
22%
CM Rafal Murawski 10/11 Rubin Kazan Lech Poznan
22%
AM Rafal Wolski 12/13 Legia Warsaw Fiorentina
22%
CB Tomasz Waldoch 99/00 Bochum Schalke
22%
ST Wojciech Kowalczyk 94/95 Legia Warsaw Real Betis
22%
CB Damien Perquis 08/09 Saint-Etienne Sochaux
20%
CM Filip Jagiello 18/19 Zaglebie Lubin Genoa
20%
ST Kamil Wilczek 19/20 Brondby Goztepe
20%
ST Marek Saganowski 06/07 Troyes Southampton
20%
ST Marek Saganowski 06/07 Vitoria Guimaraes Troyes
20%
DM Mateusz Legowski 23/24 Pogon Szczecin Salernitana
20%
ST Radoslaw Matusiak 07/08 Palermo Heerenveen
20%
ST Radoslaw Matusiak 06/07 GKS Belchatow Palermo
20%
RM Tomasz Iwan 95/96 Roda Feyenoord
20%
RM Tomasz Iwan 97/98 Feyenoord PSV
20%
ST Artur Wichniarek 99/00 Widzew Lodz Arminia Bielefeld
18%
DM Bartosz Slisz 19/20 Zaglebie Lubin Legia Warsaw
18%
ST Mateusz Kowalski 22/23 Jagiellonia Parma
18%
GK Rafal Gikiewicz 16/17 Eintracht Braunschweig Freiburg
18%
LB Tomasz Rzasa 99/00 De Graafschap Feyenoord
17%
RW Waldemar Sobota 13/14 Slask Wroclaw Club Brugge
17%
ST Andrzej Niedzielan 03/04 Grodzisk NEC Nijmegen
15%
CM Dominik Furman 13/14 Legia Warsaw Toulouse
15%
ST Kacper Przybylko 21/22 Philadelphia Union Chicago Fire
15%
RB Karol Fila 21/22 Lechia Gdansk Strasbourg
15%
ST Andrzej Juskowiak 98/99 Borussia Monchengladbach Wolfsburg
13%
ST Artur Sobiech 11/12 Polonia Warsaw Hannover
13%
ST Artur Sobiech 10/11 Ruch Chorzow Polonia Warsaw
13%
CB Dariusz Dudka 08/09 Wisla Krakow Auxerre
13%
CB Jan Sobocinski 21/22 LKS Lodz Charlotte
13%
CM Lukasz Lakomy 23/24 Zaglebie Lubin Young Boys
13%
AM Mateusz Praszelik 22/23 Slask Wroclaw Hellas Verona
13%
RB Pawel Golanski 07/08 Korona Kielce Steaua Bucharest
13%
ST Pawel Kryszalowicz 00/01 Amica Wronki Eintracht Frankfurt
13%
CB Tomasz Klos 00/01 Auxerre Kaiserslautern
13%
GK Adam Matysek 98/99 Gutersloh Bayer Leverkusen
12%
GK Grzegorz Sandomierski 11/12 Jagiellonia Genk
12%
AM Mariusz Piekarski 98/99 Mogi Mirim Bastia
12%
DM Przemyslaw Kazmierczak 07/08 Pogon Szczecin Porto
12%
DM Ariel Borysiuk 11/12 Legia Warsaw Kaiserslautern
10%
DM Ariel Borysiuk 16/17 Legia Warsaw Queens Park Rangers
10%
ST Karol Angielski 22/23 Radomiak Radom Sivasspor
10%
RW Konrad Michalak 19/20 Lechia Gdansk Akhmat Grozny
10%
RW Konrad Michalak 23/24 Konyaspor Ohod Club
10%
ST Marcin Robak 10/11 Widzew Lodz Konyaspor
10%
LM Pawel Jaroszynski 19/20 Chievo Verona Genoa
10%
LM Pawel Jaroszynski 22/23 Genoa Salernitana
10%
DM Radoslaw Kaluzny 01/02 Wisla Krakow Energie Cottbus
10%
DM Radoslaw Kaluzny 02/03 Energie Cottbus Bayer Leverkusen
10%
CM Krzysztof Kubica 22/23 Gornik Zabrze Benevento
8%
ST Dawid Kurminowski 21/22 MSK Zilina Aarhus
7%
ST Jan Furtok 93/94 Hamburg Eintracht Frankfurt
7%
AM Michal Chrapek 14/15 Wisla Krakow Catania
7%
AM Andrzej Rudy 97/98 Lierse Ajax
5%
RW Damian Gorawski 04/05 Wisla Krakow FC Moscow
5%
RW Jacek Dembinski 97/98 Widzew Lodz Hamburg
5%
ST Patryk Tuszynski 15/16 Jagiellonia Caykur Rizespor
5%
RW Maciej Makuszewski 12/13 Jagiellonia Terek Grozny
3%
AM Mateusz Skoczylas 23/24 Zaglebie Lubin Milan
3%
CB Pawel Wojtala 96/97 Widzew Lodz Hamburg
3%
ST Bartosz Slusarski 07/08 Grodzisk West Bromwich Albion
2%
No matching quizzes found
Score Distribution
Percent of People with Each Score
Percentile by Number Answered
Your Score History
You have not taken this quiz